15 największych miast nad Morzem Bałtyckim - Statystyki

Ogólne statystyki
  • Ten quiz został rozwiązany 427 razy
    374 od ostatniego zresetowania
  • Średni wynik to 10 z 15
Statystyki odpowiedzi
Państwo Liczba ludności Miasto % Poprawnych
Polska 466 631 Gdańsk
100%
DANIA 518 574 KOPENHAGA
93%
ŁOTWA 632 614 RYGA
93%
Polska 246 309 Gdynia
92%
FINLANDIA 631 695 HELSINKI
92%
SZWECJA 960 031 SZTOKHOLM
91%
ESTONIA 439 705 TALLINN
90%
Rosja 5 323 300 Petersburg
87%
Szwecja 301 706 Malmö
66%
Rosja 453 461 Kaliningrad
52%
Niemcy 208 886 Rostock
47%
Niemcy 247 943 Kilonia
32%
Niemcy 212 958 Lubeka
27%
Finlandia 244 930 Espoo
21%
Finlandia 228 173 Tampere
16%
Nie znaleziono quizów pasujących do podanych kryteriów
Rozkład punktacji
Procent ludzi z każdym wynikiem
Percentyl według liczby udzielonych odpowiedzi
Twoja historia wyników
Nie rozwiązałeś tego quizu od ostatniego zresetowania